000
00330nam a22001457a 4500
003
SGT
082
_a
543.1,AGA
100
_a
AGARWAL, S. K.
245
_a
ADVANCED INORGANIC ANALYSIS
250
_a
12TH
260
_a
NEW DELHI
_b
PRAGATI PRAKASHAN
_c
2014
300
_a
468
650
_a
ANALYTICAL CHEMISTRY
942
_2
ddc
_c
FPS
_0
1
999
_c
10022
_d
10022